<?xml version="1.0" encoding="UTF-8"?>
<record
    xmlns:xsi="http://www.w3.org/2001/XMLSchema-instance"
    xsi:schemaLocation="http://www.loc.gov/MARC21/slim http://www.loc.gov/standards/marcxml/schema/MARC21slim.xsd"
    xmlns="http://www.loc.gov/MARC21/slim">

  <leader>01156nam a2200193 i 4500</leader>
  <controlfield tag="001">32094</controlfield>
  <controlfield tag="003">ES-MaACL</controlfield>
  <controlfield tag="005">20230906154518.0</controlfield>
  <controlfield tag="007">t|</controlfield>
  <controlfield tag="008">030219s1888    sp           ||||1| spa d</controlfield>
  <datafield tag="245" ind1="0" ind2="0">
    <subfield code="a">Velada literaria celebrada el 21 de diciembre de 1888 </subfield>
    <subfield code="b">: trabajos de los se&#xF1;ores profesores de este centro en ella le&#xED;dos.</subfield>
  </datafield>
  <datafield tag="260" ind1=" " ind2=" ">
    <subfield code="a">Sevilla : </subfield>
    <subfield code="b">[s.n.], </subfield>
    <subfield code="c">1888 (</subfield>
    <subfield code="f">Imp. de El Mercantil Sevillano)</subfield>
  </datafield>
  <datafield tag="300" ind1=" " ind2=" ">
    <subfield code="a">40 p. ; </subfield>
    <subfield code="c">21 cm.</subfield>
  </datafield>
  <datafield tag="505" ind1="8" ind2=" ">
    <subfield code="a">Contiene: Con portada propia : Memoria le&#xED;da por D. Francisco S&#xE1;nchez-Arjona como profesor del Colegio de Ntra. Sra. del Robledo en la velada dada por el mismo en el d&#xED;a 21 de diciembre de 1888 ; Relaci&#xF3;n de lo que pas&#xF3; en la villa de Constantina el viernes de Dolores d&#xED;a 9 de abril de 1810 / [Luis Caro y Salamanca] ; A la Sant&#xED;sima Virgen / Bernab&#xE9; Sarabia ; A ntra. se&#xF1;ora Santa Mar&#xED;a en su Concepci&#xF3;n Inmaculada / F. Gonz&#xE1;lez de Salcedo ; Dos palabras / Francisco P. Ochoa</subfield>
  </datafield>
  <datafield tag="700" ind1="1" ind2=" ">
    <subfield code="a">S&#xE1;nchez-Arjona, Francisco.</subfield>
    <subfield code="9">102469</subfield>
  </datafield>
  <datafield tag="700" ind1="1" ind2=" ">
    <subfield code="a">Caro y Salamanca, Luis.</subfield>
    <subfield code="9">35415</subfield>
  </datafield>
  <datafield tag="710" ind1="0" ind2=" ">
    <subfield code="a">Colegio de Nuestra Se&#xF1;ora del Robledo (Sevilla)</subfield>
    <subfield code="9">2914</subfield>
  </datafield>
  <datafield tag="852" ind1=" " ind2=" ">
    <subfield code="a">ES-MaACL</subfield>
    <subfield code="j">T-569-F-2</subfield>
  </datafield>
  <datafield tag="999" ind1=" " ind2=" ">
    <subfield code="c">32094</subfield>
    <subfield code="d">32094</subfield>
  </datafield>
  <datafield tag="952" ind1=" " ind2=" ">
    <subfield code="0">0</subfield>
    <subfield code="1">0</subfield>
    <subfield code="4">0</subfield>
    <subfield code="7">0</subfield>
    <subfield code="8">Colecci&#xF3;n_de_folletos</subfield>
    <subfield code="a">ATENEOM</subfield>
    <subfield code="b">ATENEOM</subfield>
    <subfield code="c">DEPOF</subfield>
    <subfield code="d">2008-01-17</subfield>
    <subfield code="e">SC</subfield>
    <subfield code="l">0</subfield>
    <subfield code="o">T-569-F-2</subfield>
    <subfield code="p">1033219</subfield>
    <subfield code="r">2023-02-23 00:00:00</subfield>
    <subfield code="w">2023-02-23</subfield>
    <subfield code="y">FOLLETOS</subfield>
  </datafield>
</record>
